<?xml version="1.0" encoding="UTF-8"?>
<record
    xmlns:xsi="http://www.w3.org/2001/XMLSchema-instance"
    xsi:schemaLocation="http://www.loc.gov/MARC21/slim http://www.loc.gov/standards/marcxml/schema/MARC21slim.xsd"
    xmlns="http://www.loc.gov/MARC21/slim">

  <leader>     nam a22     7a 4500</leader>
  <datafield tag="999" ind1=" " ind2=" ">
    <subfield code="c">56102</subfield>
    <subfield code="d">56102</subfield>
  </datafield>
  <controlfield tag="003">OSt</controlfield>
  <controlfield tag="005">20221129112810.0</controlfield>
  <controlfield tag="008">221129b        xxu||||| |||| 00| 0 eng d</controlfield>
  <datafield tag="040" ind1=" " ind2=" ">
    <subfield code="c">IIMT COLLEGE OF POLYTECHNIC</subfield>
  </datafield>
  <datafield tag="100" ind1=" " ind2=" ">
    <subfield code="a">KOTHARI, D.P.</subfield>
  </datafield>
  <datafield tag="245" ind1=" " ind2=" ">
    <subfield code="a">ELECTRIC MACHINES</subfield>
  </datafield>
  <datafield tag="260" ind1=" " ind2=" ">
    <subfield code="a">CHENNAI</subfield>
    <subfield code="b">Mc Graw Hill</subfield>
    <subfield code="c">2022</subfield>
  </datafield>
  <datafield tag="300" ind1=" " ind2=" ">
    <subfield code="a">975</subfield>
  </datafield>
  <datafield tag="942" ind1=" " ind2=" ">
    <subfield code="2">ddc</subfield>
    <subfield code="c">02</subfield>
  </datafield>
  <datafield tag="952" ind1=" " ind2=" ">
    <subfield code="0">0</subfield>
    <subfield code="1">0</subfield>
    <subfield code="2">ddc</subfield>
    <subfield code="4">0</subfield>
    <subfield code="7">0</subfield>
    <subfield code="a">10</subfield>
    <subfield code="b">10</subfield>
    <subfield code="d">2022-11-29</subfield>
    <subfield code="i">HO/IN/112</subfield>
    <subfield code="l">0</subfield>
    <subfield code="p">10-B-20818</subfield>
    <subfield code="r">2022-11-29</subfield>
    <subfield code="w">2022-11-29</subfield>
    <subfield code="y">02</subfield>
  </datafield>
  <datafield tag="952" ind1=" " ind2=" ">
    <subfield code="0">0</subfield>
    <subfield code="1">0</subfield>
    <subfield code="2">ddc</subfield>
    <subfield code="4">0</subfield>
    <subfield code="7">0</subfield>
    <subfield code="a">10</subfield>
    <subfield code="b">10</subfield>
    <subfield code="d">2022-11-29</subfield>
    <subfield code="i">HO/IN/112</subfield>
    <subfield code="l">0</subfield>
    <subfield code="p">10-B-20819</subfield>
    <subfield code="r">2022-11-29</subfield>
    <subfield code="w">2022-11-29</subfield>
    <subfield code="y">02</subfield>
  </datafield>
  <datafield tag="952" ind1=" " ind2=" ">
    <subfield code="0">0</subfield>
    <subfield code="1">0</subfield>
    <subfield code="2">ddc</subfield>
    <subfield code="4">0</subfield>
    <subfield code="7">0</subfield>
    <subfield code="a">10</subfield>
    <subfield code="b">10</subfield>
    <subfield code="d">2022-11-29</subfield>
    <subfield code="i">HO/IN/112</subfield>
    <subfield code="l">2</subfield>
    <subfield code="p">10-B-20820</subfield>
    <subfield code="q">2024-01-01</subfield>
    <subfield code="r">2023-09-06</subfield>
    <subfield code="s">2023-09-06</subfield>
    <subfield code="w">2022-11-29</subfield>
    <subfield code="y">02</subfield>
  </datafield>
  <datafield tag="952" ind1=" " ind2=" ">
    <subfield code="0">0</subfield>
    <subfield code="1">0</subfield>
    <subfield code="2">ddc</subfield>
    <subfield code="4">0</subfield>
    <subfield code="7">0</subfield>
    <subfield code="a">10</subfield>
    <subfield code="b">10</subfield>
    <subfield code="d">2022-11-29</subfield>
    <subfield code="i">HO/IN/112</subfield>
    <subfield code="l">1</subfield>
    <subfield code="p">10-B-20821</subfield>
    <subfield code="r">2024-03-05</subfield>
    <subfield code="s">2023-10-21</subfield>
    <subfield code="w">2022-11-29</subfield>
    <subfield code="y">02</subfield>
  </datafield>
  <datafield tag="952" ind1=" " ind2=" ">
    <subfield code="0">0</subfield>
    <subfield code="1">0</subfield>
    <subfield code="2">ddc</subfield>
    <subfield code="4">0</subfield>
    <subfield code="7">0</subfield>
    <subfield code="a">10</subfield>
    <subfield code="b">10</subfield>
    <subfield code="d">2022-11-29</subfield>
    <subfield code="i">HO/IN/112</subfield>
    <subfield code="l">0</subfield>
    <subfield code="p">10-B-20822</subfield>
    <subfield code="r">2022-11-29</subfield>
    <subfield code="w">2022-11-29</subfield>
    <subfield code="y">02</subfield>
  </datafield>
  <datafield tag="952" ind1=" " ind2=" ">
    <subfield code="0">0</subfield>
    <subfield code="1">0</subfield>
    <subfield code="2">ddc</subfield>
    <subfield code="4">0</subfield>
    <subfield code="7">0</subfield>
    <subfield code="a">10</subfield>
    <subfield code="b">10</subfield>
    <subfield code="d">2022-11-29</subfield>
    <subfield code="i">HO/IN/112</subfield>
    <subfield code="l">1</subfield>
    <subfield code="p">10-B-20823</subfield>
    <subfield code="r">2023-03-13</subfield>
    <subfield code="s">2022-12-22</subfield>
    <subfield code="w">2022-11-29</subfield>
    <subfield code="y">02</subfield>
  </datafield>
  <datafield tag="952" ind1=" " ind2=" ">
    <subfield code="0">0</subfield>
    <subfield code="1">0</subfield>
    <subfield code="2">ddc</subfield>
    <subfield code="4">0</subfield>
    <subfield code="7">0</subfield>
    <subfield code="a">10</subfield>
    <subfield code="b">10</subfield>
    <subfield code="d">2022-11-29</subfield>
    <subfield code="i">HO/IN/112</subfield>
    <subfield code="l">2</subfield>
    <subfield code="p">10-B-20824</subfield>
    <subfield code="r">2025-12-18</subfield>
    <subfield code="s">2025-10-14</subfield>
    <subfield code="w">2022-11-29</subfield>
    <subfield code="y">02</subfield>
  </datafield>
  <datafield tag="952" ind1=" " ind2=" ">
    <subfield code="0">0</subfield>
    <subfield code="1">0</subfield>
    <subfield code="2">ddc</subfield>
    <subfield code="4">0</subfield>
    <subfield code="7">0</subfield>
    <subfield code="a">10</subfield>
    <subfield code="b">10</subfield>
    <subfield code="d">2022-11-29</subfield>
    <subfield code="i">HO/IN/112</subfield>
    <subfield code="l">1</subfield>
    <subfield code="p">10-B-20825</subfield>
    <subfield code="r">2023-09-04</subfield>
    <subfield code="s">2023-08-29</subfield>
    <subfield code="w">2022-11-29</subfield>
    <subfield code="y">02</subfield>
  </datafield>
  <datafield tag="952" ind1=" " ind2=" ">
    <subfield code="0">0</subfield>
    <subfield code="1">0</subfield>
    <subfield code="2">ddc</subfield>
    <subfield code="4">0</subfield>
    <subfield code="7">0</subfield>
    <subfield code="a">10</subfield>
    <subfield code="b">10</subfield>
    <subfield code="d">2022-11-29</subfield>
    <subfield code="i">HO/IN/112</subfield>
    <subfield code="l">0</subfield>
    <subfield code="p">10-B-20826</subfield>
    <subfield code="r">2022-11-29</subfield>
    <subfield code="w">2022-11-29</subfield>
    <subfield code="y">02</subfield>
  </datafield>
  <datafield tag="952" ind1=" " ind2=" ">
    <subfield code="0">0</subfield>
    <subfield code="1">0</subfield>
    <subfield code="2">ddc</subfield>
    <subfield code="4">0</subfield>
    <subfield code="7">0</subfield>
    <subfield code="a">10</subfield>
    <subfield code="b">10</subfield>
    <subfield code="d">2022-11-29</subfield>
    <subfield code="i">HO/IN/112</subfield>
    <subfield code="l">1</subfield>
    <subfield code="p">10-B-20827</subfield>
    <subfield code="r">2023-02-22</subfield>
    <subfield code="s">2022-11-29</subfield>
    <subfield code="w">2022-11-29</subfield>
    <subfield code="y">02</subfield>
  </datafield>
</record>
